000 00601cam a22002293a 4500
001 29932
003 PGUSA
005 20140828083639.0
008 090909s2009||||xxu|||||s|||||000 1 eng d
040 _aPGUSA
_beng
042 _adc
050 4 _aPS
100 1 _aPoole, Ernest,
_d1880-1950
245 1 4 _aThe Harbor
_h[electronic resource] /
_cErnest Poole
260 _bProject Gutenberg,
_c2009
506 _aPublic domain in the USA.
516 _aElectronic text
653 _aFiction
830 0 _aProject Gutenberg
_v29932
856 4 0 _uhttp://www.gutenberg.org/ebooks/29932
942 _cEB
999 _c259187
_d259187